Every Utah Jazz AllStar - Statistics

General Stats
  • This quiz has been taken 22 times
  • The average score is 9 of 16
Answer Stats
Year/Years Number of AllStars Player % Correct
1988,1989,1990,1991,1992,1993,1994,1995,1996,1999 10x John Stockton
100%
1987,1988,1989,1990,1991,1992,1993,1994,1995,1996,1997,1999,2000,2001 14x Karl Malone
100%
1988 1x Mark Eaton
82%
2003 1x Andrei Kirilenko
73%
1976,1977,1978 3x Pete Maravich
73%
2019,2020,2021 3x Rudy Gobert
73%
1979,1980,1981,1983,1984,1985 6x Adrian Dantley
64%
2009,2010 2x Deron Williams
64%
2006,2007 2x Carlos Boozer
55%
2019,2020,2021 3x Donovan Mitchell
55%
2020 1x Mike Conley
55%
2016 1x Gordon Hayward
45%
2022 1x Lauri Markkanen
45%
2006 1x Mehmet Okur
36%
1983 1x Rickey Green
9%
1977 1x Truck Robinson
0%
No matching quizzes found
Score Distribution
Percent of People with Each Score
Percentile by Number Answered
Your Score History
You have not taken this quiz